El Espejo negro de la cotidianidad II: el crecimiento urbano en América Latina /
sin resumen
Guardado en:
| Autor principal: | |
|---|---|
| Formato: | Texto |
| Etiquetas: |
Agregar Etiqueta
Sin Etiquetas, Sea el primero en etiquetar este registro!
|
MARC
| LEADER | 00000 a a2200000 04500 | ||
|---|---|---|---|
| 001 | 6959 | ||
| 003 | |||
| 040 | |||
| 100 | |a Ramírez Echeverri, Jorge Isaac | ||
| 245 | |a El Espejo negro de la cotidianidad II: |b el crecimiento urbano en América Latina / |c Jorge Isaac Ramírez Echeverri | ||
| 520 | |a sin resumen | ||
| 773 | |g volumen 1, número 2; páginas 101-115 | ||
| 999 | |c 27281 |d 27281 | ||
| 773 | 0 | |0 43517 |9 5066 |a Universidad Nacional de Colombia. |d Medellín, Colombia: Universidad Nacional de Colombia. Facultad de Ciencias Humanas. Departamento de Economía 1990- |o MFN: 1775 |t Ensayos de Economía / |x 0121-117X | |
